Loading...
| History - Other | 0 | 5 | 0 | 1 | 50 | 62 | 98.20 | 0 | 2 | 10.66 | 25.45 |
| History - World | 0 | 6 | 2 | 1 | 50 | 34 | 79.83 | 3 | 6 | 21.74 | 46.82 |
| Religion | 0 | 4 | 0 | 3 | 40 | 102 | 116.00 | 0 | 0 | 1.03 | 8.86 |
| Social Science | 0 | 4 | 1 | 0 | 35 | 64 | 76.25 | 0 | 2 | 11.93 | 22.73 |
| History - American | 0 | 4 | 1 | 1 | 35 | 76 | 96.75 | 0 | 1 | 8.17 | 14.55 |
| History - European | 0 | 3 | 1 | 1 | 25 | 87 | 111.67 | 0 | 0 | 3.56 | 12.05 |
| Current Events | 0 | 2 | 1 | 0 | 15 | 43 | 54.00 | 1 | 1 | 37.80 | 41.67 |
| Literature - American | 0 | 1 | 0 | 0 | 10 | 100 | 100.00 | 1 | 1 | 2.60 | 7.95 |
| Philosophy | 0 | 1 | 0 | 0 | 10 | 105 | 105.00 | 0 | 0 | 0.41 | 3.64 |
| Fine Arts - Other | 0 | 1 | 0 | 1 | 10 | 128 | 128.00 | 0 | 0 | 0.00 | 0.91 |
| Science - Physics | 0 | 1 | 0 | 1 | 10 | 106 | 106.00 | 0 | 0 | 0.56 | 6.36 |
| Geography | 0 | 1 | 0 | 1 | 10 | 124 | 124.00 | 0 | 0 | 0.00 | 4.17 |
| Mythology | 0 | 0 | 0 | 0 | 0 | 0.00 | 0 | 0 | 0.00 | 0.00 |